00823nam a2200265 a 450000100060000000300080000600500170001400800410003103500190007204000420009104100080013306000230014108200250016410000250018924500650021426000300027930000340030949000660034350000200040965000170042965000140044665000140046065000170047483000660049166392BD-RjUL20211209081534.0170315s1964 enk 001 0 eng d a(BD-RjUL)66522 aNLMcNLMdTOLdMCSdUKMdBD-RjULbeng aeng00aQV 350bR579n 1964 a547.76223bRIN 196410aRinehart, Kenneth L.14aThe neomycins and related antibiotics /cKenneth L. Rinehart aNew York :bWiley,cc1964 axii, 137 p. :bill. ;c16 cm.1 aE.R. Squibb lectures on chemistry of microbial productsv1961 aIncludes index. 2aAntibiotics. 2aNeomycin. 0aNeomycin. 0aAntibiotics. 0aE.R. Squibb lectures on chemistry of microbial productsv1961